| 000 -LEADER |
| fixed length control field |
00524cam a22001457a 4500 |
| 008 - FIXED-LENGTH DATA ELEMENTS--GENERAL INFORMATION |
| fixed length control field |
180718b1945 xxu||||| |||| 00| 0 eng d |
| 082 ## - DEWEY DECIMAL CLASSIFICATION NUMBER |
| Classification number |
P52x73 Y16 |
| 100 ## - MAIN ENTRY--PERSONAL NAME |
| Personal name |
Yang, Ching-Kun |
| 245 ## - TITLE STATEMENT |
| Title |
Meet the United States: a handbook for Foreign students in the United States |
| Statement of responsibility, etc. |
by Ching-Kun Yang |
| 260 ## - PUBLICATION, DISTRIBUTION, ETC. |
| Place of publication, distribution, etc. |
New York |
| Name of publisher, distributor, etc. |
Institute of International Education |
| Date of publication, distribution, etc. |
1945 |
| 300 ## - PHYSICAL DESCRIPTION |
| Extent |
146p. |
| 650 ## - SUBJECT ADDED ENTRY--TOPICAL TERM |
| Topical term or geographic name entry element |
United States --Civilization |
| 650 ## - SUBJECT ADDED ENTRY--TOPICAL TERM |
| Topical term or geographic name entry element |
Universities and colleges --United States |
| 650 ## - SUBJECT ADDED ENTRY--TOPICAL TERM |
| Topical term or geographic name entry element |
Students, Foreign --United States |